Cómo usar la información en trabajos de investigación. (Registro nro. 46065)

Detalles MARC
000 -LEADER
campo de control de longitud fija 04459cam a22007214i 4500
003 - IDENTIFICADOR DE NÚMERO DE CONTROL
campo de control PE-LiUPU
005 - FECHA Y HORA DE LA ÚLTIMA TRANSACCIÓN
campo de control 20250731165601.0
008 - DATOS DE LONGITUD FIJA--INFORMACIÓN GENERAL
campo de control de longitud fija 150706s2004 r 000 0 d
020 ## - NÚMERO INTERNACIONAL ESTÁNDAR DEL LIBRO
Número Internacional Estándar del Libro 8474326974
035 ## - NÚMERO DE CONTROL DEL SISTEMA
Número de control de sistema (Sirsi) i9788474326970
040 ## - FUENTE DE CATALOGACIÓN
Centro catalogador/agencia de origen PE-LiUPU
Lengua de catalogación spa
Centro/agencia transcriptor PE-LiUPU
Normas de descripción rda
049 ## - FONDOS LOCALES (OCLC)
Biblioteca depositaria PRUA
082 04 - NÚMERO DE LA CLASIFICACIÓN DECIMAL DEWEY
Número de clasificación 001.42
Cutter O69 2004
082 04 - NÚMERO DE LA CLASIFICACIÓN DECIMAL DEWEY
Número de clasificación 001.42
Cutter W19
Número de edición 21
100 1# - ENTRADA PRINCIPAL--NOMBRE DE PERSONA
Nombre de persona Orna, Elizabeth,
Término indicativo de función/relación autor.
245 10 - MENCIÓN DEL TÍTULO
Título Cómo usar la información en trabajos de investigación.
Número de parte o sección de la obra 4 /
Mención de responsabilidad, etc. Elizabeth Orna y Graham Stevens.
250 ## - MENCION DE EDICION
Mención de edición Primera Edición
264 #1 - PRODUCCIÓN, PUBLICACIÓN, DISTRIBUCIÓN, FABRICACIÓN Y COPYRIGHT
Producción, publicación, distribución, fabricación y copyright Barcelona :
Nombre del de productor, editor, distribuidor, fabricante Gedisa,
Fecha de producción, publicación, distribución, fabricación o copyright 2004.
300 ## - DESCRIPCIÓN FÍSICA
Extensión 238 páginas :
Otras características físicas ilustraciones ;
Dimensiones 24 centímetros
336 ## - TIPO DE CONTENIDO
Término de tipo de contenido text
Fuente rdacontent
337 ## - TIPO DE MEDIO
Nombre/término del tipo de medio unmediated
Fuente rdamedia
338 ## - TIPO DE SOPORTE
Nombre/término del tipo de soporte volume
Fuente rdacarrier
490 0# - MENCIÓN DE SERIE
Mención de serie Biblioteca de educación. Herramientas universitarias ;
Designación de volumen o secuencia 4
504 ## - NOTA DE BIBLIOGRAFÍA, ETC.
Nota de bibliografía, etc. Bibliografía: 228.
505 0# - NOTA DE CONTENIDO CON FORMATO
Nota de contenido con formato ¿Qué estamos haciendo cuando investigamos? -- Diseñar el mapa del territorio de investigación: áreas conocidas y desconocidas -- Manejar la información como apoyo para la investigación -- La actualización de registros: documentar la investigación -- Administrar el tiempo disponible -- Planificar los productos informativos de la investigación: preguntas para responder -- Planificar los productos informativos de la investigación: primeras decisiones -- Ampliar nuestro repertorio para presentar la información -- ¡El diseño es más que un cosmético! -- Transformar el conocimiento en información escrita: diseñar el texto.
526 ## - NOTA DE INFORMACIÓN SOBRE EL PROGRAMA DE ESTUDIO
Nombre del programa Segunda Especialidad En Estadística Aplicada Para Investigación (A Distancia)
526 ## - NOTA DE INFORMACIÓN SOBRE EL PROGRAMA DE ESTUDIO
Nombre del programa Segunda Especialidad En Estadística Aplicada Para Investigación
526 ## - NOTA DE INFORMACIÓN SOBRE EL PROGRAMA DE ESTUDIO
Nombre del programa Ingeniería De Ciberseguridad
526 ## - NOTA DE INFORMACIÓN SOBRE EL PROGRAMA DE ESTUDIO
Nombre del programa Ingeniería De Ciencia De Datos E Inteligencia Artificial
526 ## - NOTA DE INFORMACIÓN SOBRE EL PROGRAMA DE ESTUDIO
Nombre del programa Ingeniería De Software
526 ## - NOTA DE INFORMACIÓN SOBRE EL PROGRAMA DE ESTUDIO
Nombre del programa
526 ## - NOTA DE INFORMACIÓN SOBRE EL PROGRAMA DE ESTUDIO
Nombre del programa Comunicación Y Periodismo
526 ## - NOTA DE INFORMACIÓN SOBRE EL PROGRAMA DE ESTUDIO
Nombre del programa Maestría En Ingeniería De Sistemas Con Mención En Dirección Y Gestión De Tecnologías De Información (Semipresencial)
526 ## - NOTA DE INFORMACIÓN SOBRE EL PROGRAMA DE ESTUDIO
Nombre del programa Maestría En Ingeniería De Sistemas Con Mención En Dirección Y Gestión De Tecnologías De Información (A Distancia)
526 ## - NOTA DE INFORMACIÓN SOBRE EL PROGRAMA DE ESTUDIO
Nombre del programa Doctorado en ingeniería de sistemas
526 ## - NOTA DE INFORMACIÓN SOBRE EL PROGRAMA DE ESTUDIO
Nombre del programa Maestría en ingeniería de sistemas con mención en Ingeniería de software
526 ## - NOTA DE INFORMACIÓN SOBRE EL PROGRAMA DE ESTUDIO
Nombre del programa Maestría en ingeniería de sistemas con mención en Dirección y gestión de tecnologías de información
526 ## - NOTA DE INFORMACIÓN SOBRE EL PROGRAMA DE ESTUDIO
Nombre del programa Ingeniería de sistemas
526 ## - NOTA DE INFORMACIÓN SOBRE EL PROGRAMA DE ESTUDIO
Nombre del programa Educación secundaria, especialidad matemática e informática
541 ## - NOTA DE FUENTE DE ADQUISICIÓN DIRECTA
-- 001-0031424;
596 ## -
-- 1 3
650 04 - PUNTO DE ACCESO ADICIONAL DE MATERIA--TÉRMINO DE MATERIA
Término de materia o nombre geográfico como elemento de entrada Investigación
Subdivisión general Metodología.
650 04 - PUNTO DE ACCESO ADICIONAL DE MATERIA--TÉRMINO DE MATERIA
Término de materia o nombre geográfico como elemento de entrada Servicios de información
Subdivisión de forma Manuales, etc.
650 04 - PUNTO DE ACCESO ADICIONAL DE MATERIA--TÉRMINO DE MATERIA
Término de materia o nombre geográfico como elemento de entrada Servicios de información
Subdivisión general Administración.
700 1# - ENTRADA AGREGADA--NOMBRE PERSONAL
Nombre de persona Stevens, Graham,
Término indicativo de función/relación autor.
910 ## - DATOS DE OPCIÓN DEL USUARIO (OCLC)
-- jv
-- lch
-- 20070503
910 ## - DATOS DE OPCIÓN DEL USUARIO (OCLC)
-- tqv
-- welc
-- 20160711
942 ## - ELEMENTOS DE ENTRADA SECUNDARIOS (KOHA)
Fuente del sistema de clasificación o colocación Clasificación Decimal Dewey
Tipo de ítem Koha
949 ## - PROCESAMIENTO DE INFORMACIÓN LOCAL (OCLC)
a 001.42 BE 4
w DEWEY
c 1
i 61332
l CCODEBUL1
m BUL
p 33.00
r 0
s Y
t BOOK
u 2015-7-6
x EDUCACION
-- P57
0 COMPRA
o .CIRCNOTE. No olvidar cambiar la fecha de devolución!!!!!!!
-- .STAFF. Colección General
949 ## - PROCESAMIENTO DE INFORMACIÓN LOCAL (OCLC)
a 001.42 O69 2004
w DEWEY
c 1
i FJ00782
l CCODEBUJ1
m BUJ
p 24.02
r 0
s Y
t BOOK
u 2016-7-11
x FCE
-- P08
0 COMPRA
o .STAFF. Colección General Juliaca
949 ## - PROCESAMIENTO DE INFORMACIÓN LOCAL (OCLC)
a 001.42 O69 2004
w DEWEY
c 2
i FJ00783
l CCODEBUJ1
m BUJ
p 24.02
r 0
s Y
t BOOK
u 2016-7-11
x FCE
-- P08
0 COMPRA
o .STAFF. Colección General Juliaca
949 ## - PROCESAMIENTO DE INFORMACIÓN LOCAL (OCLC)
a PGE 001.42 BE 4
w DEWEY
c 1
i 57147
l CCODEBUL1
m BUL
p 22.00
r 0
s Y
t BOOK
u 2015-6-25
x EDUCACION
-- P57
0 COMPRA
o .CIRCNOTE. No olvidar cambiar la fecha de devolución!!!!!!!
-- .STAFF. Colección General
949 ## - PROCESAMIENTO DE INFORMACIÓN LOCAL (OCLC)
a PGE 001.42 BE 4
w DEWEY
c 2
i 56921
l CCODEBUL1
m BUL
p 61.00
r 0
s Y
t BOOK
u 2015-6-25
x EDUCACION
-- P57
0 COMPRA
o .STAFF. Colección General
994 ## -
-- C0
-- PEPRU
999 ## - NÚMEROS DE CONTROL DE SISTEMA (KOHA)
-- DEWEY
-- 57147
-- 2021-11-4
-- 5
-- CCODEBUL1
-- BUL
-- 22.00
-- 0
-- Y
-- BOOK
-- 2015-6-25
-- BIBLIOTECA
-- P57
-- COMPRA
-- .CIRCNOTE. No olvidar cambiar la fecha de devolución!!!!!!!
-- .STAFF. Colección General
999 ## - NÚMEROS DE CONTROL DE SISTEMA (KOHA)
-- DEWEY
-- 56921
-- 2021-11-4
-- 5
-- CCODEBUL1
-- BUL
-- 61.00
-- 1
-- 0
-- Y
-- BOOK
-- 2015-6-25
-- BIBLIOTECA
-- P57
-- COMPRA
-- .STAFF. Colección General
999 ## - NÚMEROS DE CONTROL DE SISTEMA (KOHA)
-- DEWEY
-- 61332
-- 2021-11-4
-- 5
-- CCODEBUL1
-- BUL
-- 33.00
-- 0
-- Y
-- BOOK
-- 2015-7-6
-- BIBLIOTECA
-- P57
-- COMPRA
-- .CIRCNOTE. No olvidar cambiar la fecha de devolución!!!!!!!
-- .STAFF. Colección General
999 ## - NÚMEROS DE CONTROL DE SISTEMA (KOHA)
-- DEWEY
-- FJ00782
-- 2017-3-10
-- 2021-12-27
-- 4
-- CCODEBUJ1
-- BUJ
-- 1
-- 24.02
-- 3
-- 0
-- Y
-- BOOK
-- 2016-7-11
-- INGENIERIA
-- P27
-- COMPRA
-- .STAFF. Colección General Juliaca
999 ## - NÚMEROS DE CONTROL DE SISTEMA (KOHA)
-- DEWEY
-- FJ00783
-- 2021-12-27
-- 4
-- CCODEBUJ1
-- BUJ
-- 24.02
-- 0
-- Y
-- BOOK
-- 2016-7-11
-- FCE
-- P08
-- COMPRA
-- .STAFF. Colección General Juliaca
999 ## - NÚMEROS DE CONTROL DE SISTEMA (KOHA)
-- DEWEY
-- 1005890
-- CCODECWJ1
-- BUL
-- 0
-- Y
-- UNKNOWN
-- 2017-5-8
-- .STAFF. Colección General
999 ## - NÚMEROS DE CONTROL DE SISTEMA (KOHA)
-- DEWEY
-- 1007822
-- CCODECWJ1
-- BUL
-- 0
-- Y
-- UNKNOWN
-- 2017-5-8
-- .STAFF. Colección General
980 ## - EQUIVALENCIA O REFERENCIA-CRUZADA-MENCIÓN DE SERIE--NOMBRE DE PERSONA/TÍTULO [LOCAL, CANADÁ]
ID del último usuario que modificó el registro 1
Nombre del último usuario que modificó el registro ALBERTO SANCHEZ Responsable de Automatización
Existencias
Visto por última vez Número de inventario Total de préstamos Signatura topográfica completa Código de barras Fecha del último préstamo Copia número Coste, precio de reemplazo Fecha de reemplazo Facultad Tipo de ítem Koha Nota pública Estado de pérdida Fuente del sistema de clasificación o colocación Especificación de materiales (volumen encuadernado u otra parte) Restricciones de uso No para préstamo Colección Programa académico Biblioteca de origen Biblioteca actual Ubicación en estantería Fecha de adquisición Fuente de adquisición Coste, precio normal de compra
2025-12-02 6 1 001.42 BE 57147 2017-03-10 e1 27.00 2015-06-25   Libros físicos inventario-2023-12-13 No Perdido Clasificación Decimal Dewey v4 No restringido Disponible para préstamos Colección General Maestría en educación con mención en Administración educativa Biblioteca CRAI UPeU Lima Biblioteca CRAI UPeU Lima Sala principal 2015-06-25 COMPRA 22.00
2025-12-02 6   001.42 BE 56921   e2 66.00 2015-06-25   Libros físicos inventario-2023-12-13 No Perdido Clasificación Decimal Dewey v4 No restringido Disponible para préstamos Colección General Maestría en educación con mención en Administración educativa Biblioteca CRAI UPeU Lima Biblioteca CRAI UPeU Lima Sala principal 2015-06-25 COMPRA 61.00
2025-12-02 6   001.42 BE 61332   e3 38.00 2015-07-06   Libros físicos inventario-2023-12-13 No Perdido Clasificación Decimal Dewey v4 No restringido Disponible para préstamos Colección General Maestría en educación con mención en Administración educativa Biblioteca CRAI UPeU Lima Biblioteca CRAI UPeU Lima Sala principal 2015-07-06 COMPRA 33.00